000 00730nac a22002051u 4500
010 _a 2003051666
020 _a1401834620
082 0 0 _a349.73
_bW229
090 _c4133
_d4133
100 _aWalston-Dunham, Beth.
245 1 0 _aIntroduction to law /
_cBeth Walston-Dunham.
250 _a4th ed.
260 _aClifton Park, NY :
_bThomson/Delmar Learning,
_cc2004.
300 _axviii, 715 p. ;
_c23 cm.
440 0 _aWest Legal Studies series
504 _aIncludes bibliographical references and index.
650 0 _aLaw
_zUnited States.
942 _cBB
_k349.73W229
999 _c4133
_d4133